| 000 | 00473nam a2200157Ia 4500 | ||
|---|---|---|---|
| 008 | 230718s9999 xx 000 0 und d | ||
| 041 | _aeng | ||
| 082 |
_a658.404 _bMAR |
||
| 100 |
_aMarquet L.D. _9195877 |
||
| 245 |
_aTurn The Ship Around _bA True Story Of Turning Followers Into Leaders |
||
| 260 |
_c2012 _bPortfolio/Penguin |
||
| 300 | _a236 | ||
| 365 |
_cRs. _b799.00 |
||
| 700 |
_aMarquet L.D. _9195877 |
||
| 906 |
_dO:0379524-Feb-2014B:484302-Jan-2014 _cGENRL _b175.78 |
||
| 999 |
_c335602 _d335602 |
||